<?xml version="1.0" encoding="UTF-8"?>
<marc:record xmlns:marc="http://www.loc.gov/MARC21/slim">
   <marc:leader>00000nam a2200000 a 4500</marc:leader>
   <marc:datafield ind1="1" ind2=" " tag="100">
      <marc:subfield code="a">Ackerl, Isabella</marc:subfield>
      <marc:subfield code="4">aut</marc:subfield>
      <marc:subfield code="e">Verfasser/-in</marc:subfield>
   </marc:datafield>
   <marc:datafield ind1="0" ind2="0" tag="245">
      <marc:subfield code="a">Die bedeutendsten Staatsmänner</marc:subfield>
   </marc:datafield>
   <marc:datafield ind1="0" ind2="0" tag="245">
      <marc:subfield code="c">Isabella Ackerl</marc:subfield>
   </marc:datafield>
   <marc:datafield ind1=" " ind2="1" tag="264">
      <marc:subfield code="a">Wiesbaden</marc:subfield>
      <marc:subfield code="b">Marixverl.</marc:subfield>
      <marc:subfield code="c">2006</marc:subfield>
   </marc:datafield>
   <marc:datafield ind1="1" ind2=" " tag="490">
      <marc:subfield code="a">marixwissen</marc:subfield>
   </marc:datafield>
   <marc:datafield ind1="1" ind2=" " tag="520">
      <marc:subfield code="a">Angaben aus der Verlagsmeldung

Die 100 berühmtesten Staatsmänner / von Isabella Ackerl

Von ihnen erwarten wir alles – doch was zeichnet einen Staatsmann aus, was sind seine Absichten und Leitgedanken, welcher Mittel bedient er sich zur Erreichung seiner Ziele und wie kann er sich der Unterstützung sicher sein?

Das Buch der „berühmtesten Staatsmänner“ vermittelt einen spannenden und klar formulierten Einblick in ihr tatsächliches Leben und Wirken – seien es auch so unterschiedliche Persönlichkeiten wie Antonius, Caesar und Cicero in der Antike oder Tito, Charles de Gaulle und Helmut Kohl im 20. Jahrhundert.

Mit Lebensdaten, Abbildungen und Register mit Begriffserklärungen.
</marc:subfield>
   </marc:datafield>
   <marc:datafield ind1=" " ind2=" " tag="020">
      <marc:subfield code="a">9783865399007</marc:subfield>
      <marc:subfield code="9">9783865399007</marc:subfield>
   </marc:datafield>
   <marc:datafield ind1=" " ind2=" " tag="020">
      <marc:subfield code="a">3865399002</marc:subfield>
      <marc:subfield code="9">3865399002</marc:subfield>
   </marc:datafield>
   <marc:datafield ind1=" " ind2=" " tag="300">
      <marc:subfield code="a">255 S.</marc:subfield>
   </marc:datafield>
</marc:record>
